Paint expression (Record no. 118495)
[ view plain ]
| 000 -LEADER | |
|---|---|
| fixed length control field | 00997cam a2200229 4500 |
| 001 - CONTROL NUMBER | |
| control field | ABS68611 |
| 008 - FIXED-LENGTH DATA ELEMENTS--GENERAL INFORMATION | |
| fixed length control field | 050128n2005 000 0 eng u |
| 035 ## - SYSTEM CONTROL NUMBER | |
| System control number | (Sirsi) u128664 |
| 100 ## - MAIN ENTRY--PERSONAL NAME | |
| Personal name | Foyle, J. |
| 245 ## - TITLE STATEMENT | |
| Title | Paint expression |
| 260 ## - PUBLICATION, DISTRIBUTION, ETC. | |
| Date of publication, distribution, etc. | 2005 |
| 490 ## - SERIES STATEMENT | |
| Series statement | Architects' Journal |
| Volume/sequential designation | 221(1) 13 January 2005, 36-38(3) |
| 520 ## - SUMMARY, ETC. | |
| Summary, etc. | Sixth in a series of articles on the history and conservation of building materials. Looks at the application of paint in the past and examines the sources of different colours. Concludes buildings were often more colourful historically and illustrates the point with a case study of the restoration of Buxton Opera House with a paint scheme sympathetic to its past appearance. (See also Abs67998, Abs68102, Abs68202, Abs68306 and Abs68417). |
| 590 ## - LOCAL NOTE (RLIN) | |
| Local note | ABS |
| 590 ## - LOCAL NOTE (RLIN) | |
| Local note | ABS |
| 650 ## - SUBJECT ADDED ENTRY--TOPICAL TERM | |
| Topical term or geographic name entry element | BUILDING MATERIALS |
| 650 ## - SUBJECT ADDED ENTRY--TOPICAL TERM | |
| Topical term or geographic name entry element | HISTORICAL BUILDINGS |
| 650 ## - SUBJECT ADDED ENTRY--TOPICAL TERM | |
| Topical term or geographic name entry element | PAINT |
| 650 ## - SUBJECT ADDED ENTRY--TOPICAL TERM | |
| Topical term or geographic name entry element | DECORATIVE FINISHES |
| 690 ## - LOCAL SUBJECT ADDED ENTRY--TOPICAL TERM (OCLC, RLIN) | |
| Topical term or geographic name as entry element | BUILDING CONSERVATION |
| 942 ## - ADDED ENTRY ELEMENTS (KOHA) | |
| Suppress in OPAC | 0 |
| Withdrawn status | Lost status | Source of classification or shelving scheme | Damaged status | Not for loan | Home library | Current library | Shelving location | Date acquired | Total Checkouts | Full call number | Barcode | Date last seen | Copy number | Price effective from | Koha item type |
|---|---|---|---|---|---|---|---|---|---|---|---|---|---|---|---|
| Dewey Decimal Classification | London | London | Journal article | 28/01/2005 | ABS68611 | 128664-1001 | 06/08/2019 | 1 | 06/08/2019 | Journal article |